| 000 | 00482nam a22002057a 4500 | ||
|---|---|---|---|
| 001 | 21529 | ||
| 005 | 20260311101644.0 | ||
| 008 | 260311b |||||||| |||| 00| 0 spa d | ||
| 041 | _aESP | ||
| 082 |
_a621.38132 _bA39 |
||
| 100 | _aAlexander, Charles K. | ||
| 245 | _aFundamentos de circuitos eléctricos | ||
| 260 |
_a : _b , _c2013 |
||
| 300 |
_a000 páginas : _b ; _c00 cm. |
||
| 440 | _a ; | ||
| 650 | _aGEN | ||
| 654 | _aCET | ||
| 700 | _a; | ||
| 942 |
_cLIB _dJUS _fJUS _2ddc |
||
| 999 |
_c21529 _d21529 |
||